अयोध्या - 6 दिसंबर का सत्य (Record no. 891476)

MARC details
000 -LEADER
fixed length control field 00882nam a2200253Ia 4500
003 - CONTROL NUMBER IDENTIFIER
control field OSt
005 - DATE AND TIME OF LATEST TRANSACTION
control field 20220930190027.0
008 - FIXED-LENGTH DATA ELEMENTS--GENERAL INFORMATION
fixed length control field 220926b |||||||| |||| 00| 0 hin d
020 ## - INTERNATIONAL STANDARD BOOK NUMBER
International Standard Book Number 8171381162 (hbk)
037 ## - SOURCE OF ACQUISITION
Terms of availability Textbook
040 ## - CATALOGING SOURCE
Original cataloging agency CRL
Transcribing agency CRL
Language of cataloging hin
041 ## - LANGUAGE CODE
Source of code hin
Language code of text/sound track or separate title hin
100 ## - MAIN ENTRY--PERSONAL NAME
Personal name राय, डी. बी.
245 #0 - TITLE STATEMENT
Title अयोध्या - 6 दिसंबर का सत्य
246 ## - VARYING FORM OF TITLE
Title proper/short title Prāchīn bhārata
260 ## - PUBLICATION, DISTRIBUTION, ETC.
Place of publication, distribution, etc. नई दिल्ली,
Name of publisher, distributor, etc. सामयिक प्रकाशन, भारत
Date of publication, distribution, etc. 2008
300 ## - PHYSICAL DESCRIPTION
Extent ृ223पृ0
Dimensions cm.
942 ## - ADDED ENTRY ELEMENTS (KOHA)
Classification part Q224:45.25296, P8
Koha item type Textbook
Source of classification or shelving scheme Colon Classification (CC)
Holdings
Withdrawn status Lost status Damaged status Not for loan Home library Current library Date acquired Source of acquisition Cost, normal purchase price Total Checkouts Full call number Barcode Date last seen Cost, replacement price Price effective from Koha item type
        Central Library Central Library 2022-09-30 B281, 24/01/2009, Bharat Pustak Bhandar 250.00   Q224:45.25296 P8 CL1342851 2022-09-30 250.00 2022-09-30 Textbook
Copyright @ Delhi University Library System